Пиролитическая декомпозиция углей месторождений Казахстана при подземном нагреве: автореферат диссертации на соискание ученой степени кандидата технических наук; спец. 1.3.14
| Huvudupphovsman: | |
|---|---|
| Institutionella upphovsmän: | , |
| Övriga upphovsmän: | |
| Sammanfattning: | Заглавие с титульного экрана Электронная версия печатной публикации Защита сост. 12.04.2022 г. |
| Språk: | ryska |
| Publicerad: |
Томск, 2022
|
| Ämnen: | |
| Länkar: | http://earchive.tpu.ru/handle/11683/69529 |
| Materialtyp: | Elektronisk Bok |
| KOHA link: | https://koha.lib.tpu.ru/cgi-bin/koha/opac-detail.pl?biblionumber=366604 |
MARC
| LEADER | 00000nlm0a2200000 4500 | ||
|---|---|---|---|
| 001 | 366604 | ||
| 005 | 20231102011910.0 | ||
| 035 | |a (RuTPU)RU\TPU\retro\23967 | ||
| 035 | |a RU\TPU\retro\22821 | ||
| 090 | |a 366604 | ||
| 100 | |a 20220211d2022 k y0rusy50 ca | ||
| 101 | 0 | |a rus | |
| 102 | |a RU | ||
| 105 | |a a dm 000zy | ||
| 135 | |a drgn ---uucaa | ||
| 181 | 0 | |a i | |
| 182 | 0 | |a b | |
| 200 | 1 | |a Пиролитическая декомпозиция углей месторождений Казахстана при подземном нагреве |e автореферат диссертации на соискание ученой степени кандидата технических наук |e спец. 1.3.14 |f Ж. М. Касенова |g Национальный исследовательский Томский политехнический университет, Институт химии угля и технологии ; науч. рук. Г. Е. Ремнёв | |
| 203 | |a Текст |c электронный | ||
| 210 | |a Томск |d 2022 | ||
| 215 | |a 1 файл (14 545 КБ) | ||
| 230 | |a Электронные текстовые данные (1 файл : 14 545 КБ) | ||
| 300 | |a Заглавие с титульного экрана | ||
| 300 | |a Электронная версия печатной публикации | ||
| 300 | |a Защита сост. 12.04.2022 г. | ||
| 452 | 1 | |0 (RuTPU)RU\TPU\book\379156 |t Пиролитическая декомпозиция углей месторождений Казахстана при подземном нагреве |o автореферат диссертации на соискание ученой степени кандидата технических наук |o спец. 1.3.14 |f Ж. М. Касенова |g Национальный исследовательский Томский политехнический университет ; Институт химии угля и технологии ; науч. рук. Г. Е. Ремнёв |c Томск |n [Б. и.] |d 2022 |p 22 с. |a Касенова, Жанар Муратбековна | |
| 606 | 1 | |a Уголь |x Деструкция термическая |2 stltpush |3 (RuTPU)RU\TPU\subj\33274 |9 55560 | |
| 610 | 1 | |a электронный ресурс | |
| 610 | 1 | |a авторефераты диссертаций | |
| 610 | 1 | |a декомпозиция | |
| 610 | 1 | |a угли | |
| 610 | 1 | |a месторождения | |
| 610 | 1 | |a подземный нагрев | |
| 610 | 1 | |a газификация | |
| 610 | 1 | |a твердые ископаемые | |
| 610 | 1 | |a горючие ископаемые | |
| 610 | 1 | |a теплофизические характеристики | |
| 610 | 1 | |a термическое разложение | |
| 610 | 1 | |a электрофизические свойства | |
| 610 | 1 | |a электроразряды | |
| 610 | 1 | |a физическое моделирование | |
| 610 | 1 | |a угольные пласты | |
| 610 | 1 | |a электрические токи | |
| 610 | 1 | |a дендриты | |
| 610 | 1 | |a Казахстан | |
| 610 | 1 | |a термическая декомпозиция | |
| 610 | 1 | |a электронагрев | |
| 675 | |a 662.741.04(04) |v 4 | ||
| 686 | |a 01.04.14 |2 oksvnk | ||
| 700 | 1 | |a Касенова |b Ж. М. |g Жанар Муратбековна | |
| 702 | 1 | |a Ремнёв |b Г. Е. |c физик |c профессор Томского политехнического университета, доктор технических наук |f 1948- |g Геннадий Ефимович |x TPU |2 stltpush |3 (RuTPU)RU\TPU\pers\22004 |4 727 | |
| 712 | 0 | 2 | |a Национальный исследовательский Томский политехнический университет |b Инженерная школа новых производственных технологий |b Научно-производственная лаборатория "Импульсно-пучковых, электроразрядных и плазменных технологий" |h 7882 |2 stltpush |3 (RuTPU)RU\TPU\col\23502 |
| 712 | 0 | 2 | |a Институт химии угля и технологии |2 stltpush |3 (RuTPU)RU\TPU\col\27890 |
| 801 | 2 | |a RU |b 63413507 |c 20221215 |g RCR | |
| 856 | 4 | |u http://earchive.tpu.ru/handle/11683/69529 | |
| 942 | |c CF | ||